000 00678nam a2200253Ia 4500
003 OSt
005 20220927111100.0
006 a|||||r|||| 00| 0
007 ta
008 220926b |||||||| |||| 00| 0 eng d
024 _a94086
037 _cReports
040 _aRTL
_cRTL
_beng
041 _2eng
_aeng
082 _aX9(F55):84.3r
110 _aGreat Britain (Deptt of-)
_9381278
245 0 _aReport on research and development
260 _aLondon
_bHMSO UK
490 _v1977-78
_a"Its,Energy paper number .38"
650 _aFuel
700 _aGreat Britain (Deptt of-)
_9381279
942 _hX9(F55):84.3r
_cCC
999 _c698626
_d698626